| 000 | 00748nam a2200229 i 4500 | ||
|---|---|---|---|
| 001 | 30728 | ||
| 003 | ES-MaACL | ||
| 007 | t| | ||
| 008 | 030127s1976 sp ||||1| spa d | ||
| 020 | _a84-206-2149-8 | ||
| 100 | 1 |
_aBell, Daniel. _927174 |
|
| 245 | 1 | 3 |
_aEl advenimiento de la sociedad post-industrial _b: un intento de prognosis social / _cDaniel Bell ; versión original de Raúl García y Eugenio Gallego. |
| 260 |
_aMadrid : _bAlianza, _c1976. |
||
| 300 |
_a578 p. ; _c20 cm. |
||
| 490 | 1 |
_aAlianza universidad ; _v149 |
|
| 500 | _aIndices. | ||
| 700 | 1 |
_aGarcía, Raúl. _954090 |
|
| 700 | 1 |
_aGallego, Eugenio. _953528 |
|
| 830 | 0 |
_aAlianza universidad ; _v149 _9177276 |
|
| 852 |
_aES-MaACL _jL-8262 _bR.108481 |
||
| 999 |
_c30728 _d30728 |
||